Formuła 1 - Szefowie Zespołów w XXI wieku - Statystyki

Ogólne statystyki
  • Ten quiz został rozwiązany 28 razy
  • Średni wynik to 13 z 37
Statystyki odpowiedzi
Zespół Sezony % Poprawnych
Red Bull 2005-2025 Christian Horner
92%
Ferrari 1993-2007 Jean Todt
69%
McLaren 2023- Andrea Stella
62%
Williams 2013-2020 Claire Williams
62%
Williams 1978-2013 Frank Williams
62%
Ferrari 2019-2022 Mattia Binotto
62%
Mercedes 2010-2013 Ross Brawn
62%
Mercedes 2014- Toto Wolff
62%
Aston Martin 2026- Adrian Newey
58%
Ferrari 2023- Frederic Vasseur
58%
Haas 2016-2023 Gunther Steiner
54%
Red Bull 2025- Laurent Mekies
50%
Racing Bulls 2025 Laurent Mekies
50%
Haas 2024- Ayao Komatsu
42%
Ferrari 2015-2018 Maurizio Arrivabene
42%
Ferrari 2008-2014 Stefano Domenicali
42%
McLaren 1981-2008 Ron Dennis
35%
Audi 2026- Jonathan Wheatley
31%
Alpine 2022-2023 Otmar Szafnauer
31%
Aston Martin 2021 Otmar Szafnauer
31%
Alpine 2021 Marcin Budkowski
27%
Williams 2023- James Vowles
23%
Williams 2021-2022 Jost Capito
23%
Aston Martin 2022-2024 Mike Krack
23%
McLaren 2019-2022 Andreas Seidl
19%
McLaren 2009-2013 Martin Whitmarsh
19%
Alpine 2024-2025 Oliver Oakes
19%
Racing Bulls 2025- Alan Permane
15%
McLaren 2014-2018 Eric Boullier
15%
Aston Martin 2025 Andy Cowell
12%
Cadillac 2026- Graeme Lowdon
8%
Ferrari 2014 Marco Mattiacci
8%
Alpine 2023-2024 Bruno Famin
4%
McLaren 2018-2019 Gil de Ferran
4%
Williams 2020-2021 Simon Roberts
4%
Alpine 2025- Steve Nielsen
4%
Alpine 2025 Dave Greenwood
0%
Nie znaleziono quizów pasujących do podanych kryteriów
Rozkład punktacji
Procent ludzi z każdym wynikiem
Percentyl według liczby udzielonych odpowiedzi
Twoja historia wyników
Nie rozwiązałeś tego quizu